000 00626nam a22002057a 4500
005 20251108164312.0
008 250721s1983 xx 000 0 ara d
082 1 4 _aم/355.3432/ايز
100 1 _aايزنبرغ، دينيس
245 1 0 _aالموساد :
_bجهاز المخابرات الإسرائيلية السري /
250 _aط2
264 1 _aعمان :
_bدار الجليل للنشر،
_c1983.
300 _a189ص
500 _aترجم عن النص العبري
650 1 7 _aالموساد
700 1 _aلاندو، ايلي
700 1 _aدان، اوري
942 _2ddc
_cREF
999 _c8771
_d8771